A History of Self-Harm in Britain : A Genealogy of Cutting and Overdosing.

Bibliographic Details
Main Author: Millard, Chris.
Format: eBook
Language:English
Published: London : Palgrave Macmillan UK, 2015.
Edition:1st ed.
Series:Mental Health in Historical Perspective Series
Subjects:
Online Access:Click to View
LEADER 02184nam a22003973i 4500
001 EBC6422603
003 MiAaPQ
005 20231204023215.0
006 m o d |
007 cr cnu||||||||
008 231204s2015 xx o ||||0 eng d
020 |a 9781137529626  |q (electronic bk.) 
020 |z 9781137529619 
035 |a (MiAaPQ)EBC6422603 
035 |a (Au-PeEL)EBL6422603 
035 |a (OCoLC)938001024 
040 |a MiAaPQ  |b eng  |e rda  |e pn  |c MiAaPQ  |d MiAaPQ 
050 4 |a R131-684 
100 1 |a Millard, Chris. 
245 1 2 |a A History of Self-Harm in Britain :  |b A Genealogy of Cutting and Overdosing. 
250 |a 1st ed. 
264 1 |a London :  |b Palgrave Macmillan UK,  |c 2015. 
264 4 |c Ã2015. 
300 |a 1 online resource (277 pages) 
336 |a text  |b txt  |2 rdacontent 
337 |a computer  |b c  |2 rdamedia 
338 |a online resource  |b cr  |2 rdacarrier 
490 1 |a Mental Health in Historical Perspective Series 
505 0 |a Cover -- Half-Title -- Title -- Copyright -- Dedication -- Contents -- Acknowledgements -- Introduction : Self-Harm from Social Setting to Neurobiology -- 1 Early Twentieth-Century Self-Harm: Cut Throats, General and Mental Medicine -- 2 Communicative Self-Harm: War, NHS and Social Work -- 3 Self-Harm Becomes Epidemic: Mental Health (1959) and Suicide (1961) Acts -- 4 Self-Harm as a Result of Domestic Distress -- 5 Self-Harm as Self-Cutting: Inpatients and Internal Tension -- Conclusion: The Politics of Self-Harm: Social Setting and Self-Regulation -- Notes -- Bibliography -- Index. 
588 |a Description based on publisher supplied metadata and other sources. 
590 |a Electronic reproduction. Ann Arbor, Michigan : ProQuest Ebook Central, 2023. Available via World Wide Web. Access may be limited to ProQuest Ebook Central affiliated libraries.  
655 4 |a Electronic books. 
776 0 8 |i Print version:  |a Millard, Chris  |t A History of Self-Harm in Britain  |d London : Palgrave Macmillan UK,c2015  |z 9781137529619 
797 2 |a ProQuest (Firm) 
830 0 |a Mental Health in Historical Perspective Series 
856 4 0 |u https://ebookcentral.proquest.com/lib/matrademy/detail.action?docID=6422603  |z Click to View